Kapaszkodó élet

Bibliographic Details
Main Author: Németh, István Z., 1969- (Author)
Format: Article
Language:Hungarian
Slovak
PhysicalDescription:Obr.
ISSN:1335-6321
Subjects:

MARC

LEADER 00000nab a2200000 ar4500
001 vtls008417928
003 SK-MaSNL
005 20260319071311.0
008 051212c2004 xo ||||||||o |000 b|hun
015 |a SNBRB2005/12  |2 snkbucl 
038 |a SNKBUCL 
040 |a DSZK  |b slo  |c DSZK  |e AACR2 
041 0 |a slo 
044 |a xo  |c SK 
080 |a 82.09:821.511.141 (437.6)-32=511.141  |x (048)  |2 UDC-MRF-SK2 
080 |a 821.511.141 (437.6)-32=511.141  |x (048)  |2 UDC-MRF-SK2 
100 1 |a Németh, István Z.,  |d 1969-  |4 aut  |9 101438 
245 1 0 |a Kapaszkodó élet  |c Z. Németh István 
300 |b Obr. 
650 0 7 |a psychologické poviedky, maďarské  |x recenzie  |2 snkbucl  |9 71441 
655 7 |a recenzie  |2 snkbucl  |9 21907 
773 0 |t Szőrös kő  |g Évf. 10, sz. 5 (2005), o. 76-78  |x 1335-6321 
787 0 8 |i Rec.:  |a Szászi, Zoltán, 1964-  |t Forgácsok  |d Losonc : Plectrum, 2004 
852 |a SNK  |b KIS3GCP 
852 |a DSZK  |b KIS3GCP 
958 |a HU 
958 |a SK 
958 |a LX 
958 |a RC 
999 |c 1753666  |d 1755596